000
00345nam a22001457a 4500
008
210310b ||||| |||| 00| 0 eng d
020
_a
9780314092496
041
_a
eng
080
_a
311
082
_a
311
100
_a
55
101
_a
STA
245
_a
Essentials of Statistics for Business and Economics
_c
Anderson, D. R
942
_2
udc
_c
BK
999
_c
56147
_d
56147